04382 2202137 4500001002100000005001500021035002000036008004100056245007200097100001900169250000600188260003400194300001200228084001400240082000800254650001400262990001200276990001200288990001200300990001200312990001200324990001200336990001200348990001200360990001200372990001200384990001200396990001200408990001200420990001200432990001200444990001200456990001200468990001200480990001200492990001200504990001200516990001200528990001200540990001200552990001200564990001200576990001200588990001200600990001200612990001200624990001200636990001200648990001200660990001200672990001200684990001200696990001200708990001200720990001200732990001200744990001200756990001200768990001200780990001200792990001200804990001200816990001200828990001200840990001200852990001200864990001200876990001200888990001200900990001200912990001200924990001200936990001200948990001200960990001200972990001200984990001200996990001201008990001201020990001201032990001201044990001201056990001201068990001201080990001201092990001201104990001201116990001201128990001201140990001201152990001201164990001201176990001201188990001201200990001201212990001201224990001201236990001201248990001201260990001201272990001201284990001201296990001201308990001201320990001201332990001201344990001201356990001201368990001201380990001201392990001201404990001201416990001201428990001201440990001201452990001201464990001201476990001201488990001201500990001201512990001201524990001201536990001201548990001201560990001201572990001201584990001201596990001201608990001201620990001201632990001201644990001201656990001201668990001201680990001201692990001201704990001201716990001201728990001201740990001201752990001201764990001201776990001201788990001201800990001201812990001201824990001201836990001201848990001201860990001201872990001201884990001201896990001201908990001201920990001201932990001201944990001201956990001201968990001201980990001201992990001202004990001202016990001202028990001202040990001202052990001202064990001202076990001202088990001202100990001202112990001202124990001202136990001202148990001202160990001202172990001202184990001202196990001202208990001202220990001202232INLIS00000000000135320240711110316 a0010-0524000588240711 0 ind 1 aBuku Siswa Matematika Kelas X ( Buku Pendamping ) /cRosihan Ari Y. aAri Y, Rosihan a1 aSolo :bTiga Serangkai,c2019 a354 hlm a510 ROS m a510 4aNon Fiksi a0742455 a0742456 a0742457 a0742458 a0742459 a0742460 a0742461 a0742462 a0742463 a0742464 a0742465 a0742466 a0742467 a0742468 a0742469 a0742470 a0742471 a0742472 a0742473 a0742474 a0742475 a0742476 a0742477 a0742478 a0742479 a0742480 a0742481 a0742482 a0742483 a0742484 a0742485 a0742486 a0742487 a0742488 a0742489 a0742490 a0742491 a0742492 a0742493 a0742494 a0742495 a0742496 a0742497 a0742498 a0742499 a0742500 a0742501 a0742502 a0742503 a0742504 a0742505 a0742506 a0742507 a0742508 a0742509 a0742510 a0742511 a0742512 a0742513 a0742514 a0742515 a0742516 a0742517 a0742518 a0742519 a0742520 a0742521 a0742522 a0742523 a0742524 a0742525 a0742526 a0742527 a0742528 a0742529 a0742530 a0742531 a0742532 a0742533 a0742534 a0742535 a0742536 a0742537 a0742538 a0742539 a0742540 a0742541 a0742542 a0742543 a0742544 a0742545 a0742546 a0742547 a0742548 a0742549 a0742550 a0742551 a0742552 a0742553 a0742554 a0742555 a0742556 a0742557 a0742558 a0742559 a0742560 a0742561 a0742562 a0742563 a0742564 a0742565 a0742566 a0742567 a0742568 a0742569 a0742570 a0742571 a0742572 a0742573 a0742574 a0742575 a0742576 a0742577 a0742578 a0742579 a0742580 a0742581 a0742582 a0742583 a0742584 a0742585 a0742586 a0742587 a0742588 a0742589 a0742590 a0742591 a0742592 a0742593 a0742594 a0742595 a0742596 a0742597 a0742598 a0742599 a0742600 a0742601 a0742602 a0742603 a0742604 a0742605 a0742606 a0742607 a0742608 a0742609 a0742610 a0742611 a0742612 a0742613 a0742614 a0742615 a0742616 a0742617 a0742618